| 000 | 005560000a22002170004500 | ||
|---|---|---|---|
| 003 | LK-CoMWRAF | ||
| 005 | 20231213095357.0 | ||
| 008 | 230817t1946 ||||| |||| 00| 0 eng d | ||
| 040 |
_aLK-CoMWRAF _dLK-CoMWRAF _eLK-CoMWRAF |
||
| 041 | _aeng | ||
| 082 |
_a200 _bGRE |
||
| 245 | _aThe Great religions of the modern world | ||
| 260 |
_bU. S. A. : _aPrinceton University Press, _c1946 |
||
| 300 | _a387p | ||
| 650 | _aBuddhism | ||
| 650 | _aHinduism | ||
| 650 | _aIslam | ||
| 650 | _aRoman Catholicism | ||
| 700 |
_aJurji, Edward J. _eed. |
||
| 942 | _cBK | ||
| 999 |
_c2090 _d2090 |
||